| 000 | 00537nam a2200217Ia 4500 | ||
|---|---|---|---|
| 003 | OSt | ||
| 005 | 20230209112908.0 | ||
| 008 | 210210b2010 xxu||||| |||| 00| 0 eng d | ||
| 020 | _a8121918057 | ||
| 040 | _cAL | ||
| 041 | _aeng | ||
| 082 | _a658.3 SHEH | ||
| 100 |
_aSHEIKH (A M) _971608 |
||
| 245 | _aHuman resource development and management | ||
| 250 | _a3 rev | ||
| 260 |
_aNew Delhi _bS. Chand & Co. Ltd. _c2010 |
||
| 300 | _avii,376 | ||
| 690 |
_aHuman Resource Management _971609 |
||
| 906 | _a068355 | ||
| 942 |
_2ddc _cBK |
||
| 999 |
_c152525 _d152525 |
||